College Accounting
Gespeichert in:
| 1. Verfasser: | |
|---|---|
| Weitere Verfasser: | |
| Format: | Buch |
| Sprache: | Englisch |
| Veröffentlicht: |
Cincinnaty
South-Western Publ. Co.
1986
|
| Ausgabe: | 6. ed. |
| Schlagworte: | |
| Tags: |
Keine Tags, Fügen Sie das erste Tag hinzu!
|
MARC
| LEADER | 00000nam a2200000 4500 | ||
|---|---|---|---|
| 001 | c001183 | ||
| 005 | 20221220073445.7 | ||
| 020 | |a 0-538-01820-8 | ||
| 041 | 0 | |a eng | |
| 044 | |a US | ||
| 245 | 1 | 0 | |a College Accounting |c Arthur E. Carlson, James A. Heintz |
| 250 | |a 6. ed. | ||
| 264 | 1 | |a Cincinnaty |b South-Western Publ. Co. |c 1986 | |
| 300 | |a S.341-640 |e príl. | ||
| 610 | 2 | 0 | |a účtovníctvo |
| 610 | 2 | 0 | |a uzávierka účtovná |
| 610 | 2 | 0 | |a zúčtovanie nákladov |
| 610 | 2 | 0 | |a aktíva |
| 610 | 2 | 0 | |a obdobie účtovné |
| 610 | 2 | 0 | |a operácie účtovné |
| 610 | 2 | 0 | |a USA |
| 100 | 1 | |a Carlson, Arthur E. | |
| 700 | 1 | |a Heintz, James A. | |